ბათუმის შოთა რუსთაველის სახელმწიფო უნივერსიტეტის ბიბლიოთეკა

Мученичество Шушаник / (ბიბ.ჩანაწერი № 61144)

000 -LEADER
fixed length control field 00928nam a22002057a 4500
005 - DATE AND TIME OF LATEST TRANSACTION
control field 20231222163244.0
008 - FIXED-LENGTH DATA ELEMENTS--GENERAL INFORMATION
fixed length control field 231222s1978 ru ||||| |||| 00| 0 rus d
041 ## - LANGUAGE CODE
Language code of text/sound track or separate title rus
080 ## - UNIVERSAL DECIMAL CLASSIFICATION NUMBER
Universal Decimal Classification number 821.353.1.09 Ц-87
100 ## - MAIN ENTRY--PERSONAL NAME
Personal name Цуртавели, Яков
9 (RLIN) 20860
245 ## - TITLE STATEMENT
Title Мученичество Шушаник /
Statement of responsibility, etc. Яков Цуртавели; Пер. К. Кекелидзе.
264 ## - PRODUCTION, PUBLICATION, DISTRIBUTION, MANUFACTURE, AND COPYRIGHT NOTICE
Place of production, publication, distribution, manufacture Тбилиси :
Name of producer, publisher, distributor, manufacturer Мерани,
Date of production, publication, distribution, manufacture, or copyright notice 1978.
300 ## - PHYSICAL DESCRIPTION
Extent 79 с. :
Other physical details ил. ;
Dimensions 22 см.
500 ## - GENERAL NOTE
General note К 1500-летию создания древнейшего груз. лит. произведения.
653 ## - INDEX TERM--UNCONTROLLED
keyword შუშანიკი, წმინდანი
653 ## - INDEX TERM--UNCONTROLLED
keyword ქართული პროზა
653 ## - INDEX TERM--UNCONTROLLED
keyword ქართველი ავტორები რუსულ ენაზე
700 ## - ADDED ENTRY--PERSONAL NAME
Personal name კეკელიძე, ლ.
Relator term მთარგმნელი
9 (RLIN) 20861
942 ## - ADDED ENTRY ELEMENTS (KOHA)
Source of classification or shelving scheme
Koha item type წიგნი
ეგზემპლარები
Withdrawn status Lost status Source of classification or shelving scheme Damaged status Not for loan Permanent Location Current Location Shelving location Date acquired Cost, normal purchase price Full call number Barcode Date last seen Copy number Uniform Resource Identifier Price effective from Koha item type Public note
          ბათუმის შოთა რუსთაველის სახელმწიფო უნივერსიტეტის მთავარი ბიბლიოთეკა ბათუმის შოთა რუსთაველის სახელმწიფო უნივერსიტეტის მთავარი ბიბლიოთეკა წიგნსაცავი 2023-12-22 8.00 821.353.1.09 Ц-87 65661 2023-12-22 65661 ბსუ-ს საპატიო დოქტორის გურამ ლორთქიფანიძის საჩუქარი 2023-12-22 წიგნი 8 ლ.